Statistics for Nationalities that have won a English Premier league

Click here to take the quiz!

General Stats

  • This quiz has been taken 2,707 times
    (2,668 since last reset)
  • The average score is 26 of 41

Answer Stats

HintAnswer% Correct
68England
99%
21France
97%
8Spain
96%
5Ireland
93%
3Germany
92%
8Brazil
92%
4Scotland
91%
7Argentina
90%
3Wales
89%
10Holland
87%
7Portugal
87%
1Italy
87%
3Sweden
82%
1Belgium
82%
3Russia
78%
3Norway
76%
2Denmark
75%
4Ivory Coast
71%
2Northern Ireland
69%
1Japan
68%
2Australia
66%
1Mexico
65%
1Poland
64%
5Serbia
60%
2Nigeria
59%
1South Korea
59%
1Austria
54%
1Uruguay
52%
1Ghana
51%
1Ukraine
51%
2Czech Republic
47%
1Iceland
46%
2Cameroon
46%
1Bulgaria
45%
1Romania
38%
1Bosnia
37%
1Ecuador
33%
1Trinidad and Tobago
17%
1Latvia
16%
2Montenegro
15%
1Liberia
9%

Score Distribution

Percentile by Number Answered

Percent of People with Each Score

Your Score History

You have not taken this quiz since the last reset